Formula 1 Trivia - Statistics

General Stats
  • This quiz has been taken 770 times
  • The average score is 5 of 15
Answer Stats
Hint Answer % Correct
What year did Michael Schumacher win his first world championship? 1994
97%
Which constructor has won the most world championship? Ferrari
59%
Who is the youngest Formula 1 race winner? Max Verstappen
45%
Who won the 1997 Formula 1 world championship? Jacques Villeneuve
42%
Who is the most winningest Formula 1 driver? Michael Schumacher
36%
And who won the first world championship? Giuseppe Farina
34%
Which team won the first world championship? Alfa Romeo
32%
For which team did Jan Magnussen make his debut with? Mclaren
28%
Which driver has entered the most Formula 1 Grand Prix? Rubens Barrichello
27%
What must an F1 driver do when they see a blue flag? Let a lapping car past
21%
Who won the first World Championship for Mclaren? Emerson Fittipaldi
18%
Where did Ayrton Senna win his first Grand Prix? Portugal
18%
Who won Williams first Grand Prix? Clay Regazzoni
9%
Approximately how many components make an F1 car? 80000
3%
In the first ever F1 race, what animal did Reg Parnell collide with? Hare
1%
No matching quizzes found
Score Distribution
Percent of People with Each Score
Percentile by Number Answered
Your Score History
You have not taken this quiz